|
|
|
|
| LEADER |
00000nab a2200000 a 4500 |
| 001 |
vtls009172424 |
| 003 |
SK-MaSNL |
| 005 |
20260304154523.0 |
| 008 |
250507c2007 xo |r|p|||||||000 b|slo |
| 015 |
|
|
|a SNBRB2008/01
|2 snkbucl
|
| 035 |
|
|
|a (uuid)d7451bad-5783-4db6-b637-9b2f996f742d
|
| 035 |
|
|
|a urn:nbn:sk:snk-abet9f
|
| 035 |
|
|
|a (urnnbn)urn:nbn:sk:snk:ar-000b6k
|
| 038 |
|
|
|a SNKBUCL
|
| 040 |
|
|
|a SNKBUCL
|b slo
|c SNKBUCL
|e AACR2
|
| 041 |
0 |
|
|a slo
|
| 044 |
|
|
|a xo
|c SK
|
| 080 |
|
|
|a 82.033:821.162.4-3
|2 2001
|
| 080 |
|
|
|a 821.162.4-3.033
|2 2001
|
| 080 |
|
|
|a 82.02:821.162.4-3
|2 2001
|
| 100 |
1 |
|
|a Marčok, Viliam,
|d 1935-2013
|4 aut
|9 99981
|
| 245 |
1 |
0 |
|a Peter Holka a jeho snový dotyk s postmodernou
|c Viliam Marčok
|
| 600 |
1 |
7 |
|a Holka, Peter,
|d 1950-
|2 SNKMA
|9 85921
|
| 650 |
0 |
7 |
|a slovenská literatúra
|x postmoderna (literatúra)
|2 snkbucl
|9 1479285
|
| 650 |
0 |
7 |
|a postmodernizmus (literatúra)
|2 snkbucl
|9 4084
|
| 650 |
0 |
7 |
|a prozaická tvorba
|2 SNK
|9 457895
|
| 773 |
0 |
|
|t Slovenské pohľady
|g Roč. IV.+123., č. 11 (2007), s. 29-38
|x 1335-7786
|
| 850 |
|
|
|a Slovenská národná knižnica
|
| 852 |
|
|
|a Slovenská národná knižnica
|
| 958 |
|
|
|a article27
|
| 958 |
|
|
|a LX
|
| 958 |
|
|
|a SK
|
| 958 |
|
|
|a OND
|
| 958 |
|
|
|a EUIPO
|
| 999 |
|
|
|c 2958016
|d 2959946
|